| 000 | 00515nam a2200193Ia 4500 | ||
|---|---|---|---|
| 003 | GCL | ||
| 005 | 20240530100402.0 | ||
| 008 | 140319s9999 xx 000 0 eng d | ||
| 040 |
_aGCL / _cGCL |
||
| 082 | 0 | 4 |
_a778 _bM G \\=aMARRIS, JAHNv |
| 100 | _aMORRIS, JOHN | ||
| 245 | 1 | 0 |
_aGUIDE TO PHOTOGRAPHY. _cMORRIS, JOHN |
| 260 |
_a[S.N] : _bGLENCONE PUBHISHING COMPANLY ، _c1985 |
||
| 300 | _a254 | ||
| 650 | 0 | 4 | _aGUIDANCE |
| 650 | 0 | 4 | _aENCYCLOPEDIAS AND DICTIONARIES |
| 650 | 0 | 4 | _aPHOTOGRAPHY |
| 942 |
_2ddc _cBK |
||
| 999 |
_c17215 _d17215 |
||